Any Team But Real Sociedad Quiz Stats

 Plays Quiz not verified by Sporcle

Support Sporcle.
Go Orange.
Score 0/78 Timer 10:00
0 Plays Today
Question Answer % Correct
Teams that lost in the Semi-Finals of the European Cup to the eventual winners in the 1980sReal Sociedad
100%
Teams managed by Martín LasarteReal Sociedad
99.8%
Teams that Sander Westerveld played forReal Sociedad
99.8%
Teams eliminated in the Round of 16 of the 2003/04 Champions LeagueReal Sociedad
99.8%
Teams that were opponents of VfB Stuttgart in the 1988/89 UEFA CupReal Sociedad
99.8%
Teams that knocked Villarreal out of the Copa del Rey in the 2010sReal Sociedad
99.8%
Teams that knocked Villarreal out of the Copa del Rey in the 2010sReal Sociedad
99.8%
Teams that finished 19th in La Liga in the 2000s (decade)Real Sociedad
99.8%
Teams that knocked Celtic out of European competition in the 1980sReal Sociedad
99.8%
Teams that lost in the Semi-Finals of the European Cup to the eventual winners in the 1980sReal Madrid
86.5%
Teams that lost in the Semi-Finals of the European Cup to the eventual winners in the 1980sReal Madrid
86.5%
Teams that knocked Celtic out of European competition in the 1980sReal Madrid
86.5%
Teams that knocked Villarreal out of the Copa del Rey in the 2010sFC Barcelona
85.9%
Teams that Sander Westerveld played forLiverpool
74%
Teams eliminated in the Round of 16 of the 2003/04 Champions LeagueManchester United
72.1%
Teams that lost in the Semi-Finals of the European Cup to the eventual winners in the 1980sFC Bayern München
68%
Teams eliminated in the Round of 16 of the 2003/04 Champions LeagueFC Bayern München
68%
Teams eliminated in the Round of 16 of the 2003/04 Champions LeagueJuventus
66.9%
Teams that knocked Celtic out of European competition in the 1980sJuventus
66.9%
Teams that knocked Villarreal out of the Copa del Rey in the 2010sSevilla
63.5%
Teams that finished 19th in La Liga in the 2000s (decade)Atlético Madrid
63%
Teams that knocked Celtic out of European competition in the 1980sAtlético Madrid
63%
Teams that lost in the Semi-Finals of the European Cup to the eventual winners in the 1980sAFC Ajax
58.4%
Teams that knocked Celtic out of European competition in the 1980sBorussia Dortmund
50.3%
Teams that knocked Villarreal out of the Copa del Rey in the 2010sAthletic Bilbao
48.2%
Teams eliminated in the Round of 16 of the 2003/04 Champions LeagueCelta Vigo
46.9%
Teams that knocked Villarreal out of the Copa del Rey in the 2010sCelta Vigo
46.9%
Teams that finished 19th in La Liga in the 2000s (decade)Celta Vigo
46.9%
Teams that Sander Westerveld played forRCD Mallorca
44.3%
Teams that knocked Villarreal out of the Copa del Rey in the 2010sRCD Espanyol
43.7%
Teams eliminated in the Round of 16 of the 2003/04 Champions LeagueAC Sparta Praha
42.4%
Teams eliminated in the Round of 16 of the 2003/04 Champions LeagueVfB Stuttgart
41.2%
Teams that Sander Westerveld played forEverton
37%
Teams that finished 19th in La Liga in the 2000s (decade)Deportivo Alavés
36.4%
Teams eliminated in the Round of 16 of the 2003/04 Champions LeagueLokomotiv Moscow
32.6%
Teams that were opponents of VfB Stuttgart in the 1988/89 UEFA CupSSC Napoli
32.6%
Teams that finished 19th in La Liga in the 2000s (decade)Club Deportivo Tenerife
30.8%
Teams that finished 19th in La Liga in the 2000s (decade)Cádiz
28.9%
Teams that knocked Celtic out of European competition in the 1980sWerder Bremen
27.9%
Question Answer % Correct
Teams that finished 19th in La Liga in the 2000s (decade)Racing Santander
26.9%
Teams that lost in the Semi-Finals of the European Cup to the eventual winners in the 1980sRSC Anderlecht
25.5%
Teams that lost in the Semi-Finals of the European Cup to the eventual winners in the 1980sRSC Anderlecht
25.5%
Teams that Sander Westerveld played forUD Almería
25.2%
Teams that finished 19th in La Liga in the 2000s (decade)CD Numancia
25%
Teams that finished 19th in La Liga in the 2000s (decade)CD Numancia
25%
Teams that knocked Villarreal out of the Copa del Rey in the 2010sCD Leganés
22.2%
Teams that finished 19th in La Liga in the 2000s (decade)Real Murcia
21.1%
Teams that Sander Westerveld played forFC Twente
20.9%
Teams that lost in the Semi-Finals of the European Cup to the eventual winners in the 1980sDynamo Kyiv
18.8%
Teams that knocked Celtic out of European competition in the 1980sDynamo Kyiv
18.8%
Teams that lost in the Semi-Finals of the European Cup to the eventual winners in the 1980sGirondins de Bordeaux
17.5%
Teams that knocked Celtic out of European competition in the 1980sNottingham Forest
17.2%
Teams that Sander Westerveld played forVitesse Arnhem
16.2%
Teams managed by Martín LasarteNacional
12.8%
Teams managed by Martín LasarteNacional
12.8%
Teams that knocked Villarreal out of the Copa del Rey in the 2010sCD Mirandés
12.2%
Teams that were opponents of VfB Stuttgart in the 1988/89 UEFA CupFC Groningen
11.7%
Teams that Sander Westerveld played forPortsmouth
11%
Teams that knocked Celtic out of European competition in the 1980sSK Rapid Wien
10.7%
Teams that Sander Westerveld played forSparta Rotterdam
9.1%
Teams managed by Martín LasarteDanubio
8%
Teams that Sander Westerveld played forAjax Cape Town
7.6%
Teams that were opponents of VfB Stuttgart in the 1988/89 UEFA CupGNK Dinamo Zagreb
7.5%
Teams that lost in the Semi-Finals of the European Cup to the eventual winners in the 1980sDinamo București
7%
Teams that Sander Westerveld played forAC Monza
6.8%
Teams managed by Martín LasarteBella Vista
6.2%
Teams managed by Martín LasarteUniversidad Católica
6%
Teams that were opponents of VfB Stuttgart in the 1988/89 UEFA CupSG Dynamo Dresden
6%
Teams managed by Martín LasarteClub Universidad de Chile
5.7%
Teams managed by Martín LasarteAl Ahly
5.7%
Teams managed by Martín LasarteCA Rentistas
5.4%
Teams managed by Martín LasarteAl Wasl
5.4%
Teams managed by Martín LasarteRampla Juniors
5%
Teams that knocked Villarreal out of the Copa del Rey in the 2010sSD Ponferradina
4.9%
Teams managed by Martín LasarteMillonarios
4.4%
Teams managed by Martín LasarteCA River Plate
2.9%
Teams that were opponents of VfB Stuttgart in the 1988/89 UEFA CupFC Tatabánya
2.6%
Teams that knocked Celtic out of European competition in the 1980sFC Politehnica Timișoara
1.9%

You're not logged in!

Compare scores with friends on all Sporcle quizzes.
OR
Log In

From the Vault

EU Started It...

by caramba

You might say 'eww' after seeing this quiz, but the Common Yew really likes it.
Remove Ads.
Support Sporcle.
Get the best of Sporcle when you Go Orange. This ad-free experience offers more features, more stats, and more fun while also helping to support Sporcle. Thank you for becoming a member.

Show Comments

Extras

Top Quizzes Today


Score Distribution

Your Account Isn't Verified!

In order to create a playlist on Sporcle, you need to verify the email address you used during registration. Go to your Sporcle Settings to finish the process.

Report this User

Report this user for behavior that violates our Community Guidelines.

Details: